<?xml version="1.0" encoding="UTF-8"?>
<record
    xmlns:xsi="http://www.w3.org/2001/XMLSchema-instance"
    xsi:schemaLocation="http://www.loc.gov/MARC21/slim http://www.loc.gov/standards/marcxml/schema/MARC21slim.xsd"
    xmlns="http://www.loc.gov/MARC21/slim">

  <leader>00786nam a22002297a 4500</leader>
  <controlfield tag="003">OSt</controlfield>
  <controlfield tag="005">20230728111032.0</controlfield>
  <controlfield tag="008">140902b        xxu||||| |||| 00| 0 eng d</controlfield>
  <datafield tag="022" ind1=" " ind2=" ">
    <subfield code="a">08550832</subfield>
  </datafield>
  <datafield tag="040" ind1=" " ind2=" ">
    <subfield code="c">WIUC</subfield>
  </datafield>
  <datafield tag="050" ind1=" " ind2=" ">
    <subfield code="a">KRX19.A3.G34(1982-83 pt.1)</subfield>
  </datafield>
  <datafield tag="245" ind1=" " ind2=" ">
    <subfield code="a">The Ghana law reports 1982-83 part 1:cases determined by the high court, the court of Appeal and the supreme court of the republic of Ghana /</subfield>
    <subfield code="c">edited by S.Y. Bimpong-Buta and assited by I.K. Agbosu</subfield>
  </datafield>
  <datafield tag="250" ind1=" " ind2=" ">
    <subfield code="a">Part 1</subfield>
  </datafield>
  <datafield tag="260" ind1=" " ind2=" ">
    <subfield code="a">Accra:</subfield>
    <subfield code="b">Council for Law Reporting,</subfield>
    <subfield code="c">1993.</subfield>
  </datafield>
  <datafield tag="300" ind1=" " ind2=" ">
    <subfield code="a">xi,796 p. :</subfield>
    <subfield code="c">25cm.</subfield>
  </datafield>
  <datafield tag="440" ind1=" " ind2=" ">
    <subfield code="v">Vol. 1</subfield>
  </datafield>
  <datafield tag="500" ind1=" " ind2=" ">
    <subfield code="a">Includes index.</subfield>
  </datafield>
  <datafield tag="700" ind1=" " ind2=" ">
    <subfield code="a">Sankah, D. R. K.</subfield>
    <subfield code="9">2129</subfield>
  </datafield>
  <datafield tag="700" ind1=" " ind2=" ">
    <subfield code="a">Bimpong-Buta, S. Y.</subfield>
    <subfield code="9">1005</subfield>
  </datafield>
  <datafield tag="800" ind1=" " ind2=" ">
    <subfield code="a">Bimpong-Buta, S.Y.</subfield>
    <subfield code="a">Agbosu, I.K.</subfield>
    <subfield code="9">2154</subfield>
  </datafield>
  <datafield tag="942" ind1=" " ind2=" ">
    <subfield code="2">lcc</subfield>
    <subfield code="c">BK</subfield>
  </datafield>
  <datafield tag="999" ind1=" " ind2=" ">
    <subfield code="c">4076</subfield>
    <subfield code="d">11576</subfield>
  </datafield>
  <datafield tag="952" ind1=" " ind2=" ">
    <subfield code="0">0</subfield>
    <subfield code="1">0</subfield>
    <subfield code="2">lcc</subfield>
    <subfield code="4">0</subfield>
    <subfield code="7">0</subfield>
    <subfield code="a">WIUC-1</subfield>
    <subfield code="b">WIUC-1</subfield>
    <subfield code="c">LL</subfield>
    <subfield code="d">2014-09-02</subfield>
    <subfield code="o">KRX19.A3.G34(1982-83 pt.1)</subfield>
    <subfield code="p">930/13</subfield>
    <subfield code="r">2014-09-02 00:00:00</subfield>
    <subfield code="t">1</subfield>
    <subfield code="w">2014-09-02</subfield>
    <subfield code="y">BK</subfield>
  </datafield>
  <datafield tag="952" ind1=" " ind2=" ">
    <subfield code="0">0</subfield>
    <subfield code="1">0</subfield>
    <subfield code="2">lcc</subfield>
    <subfield code="4">0</subfield>
    <subfield code="7">0</subfield>
    <subfield code="a">WIUC-1</subfield>
    <subfield code="b">WIUC-1</subfield>
    <subfield code="c">LL</subfield>
    <subfield code="d">2014-09-02</subfield>
    <subfield code="o">KRX19.A3.G341(1982-83 p.1)</subfield>
    <subfield code="p">974/13</subfield>
    <subfield code="r">2014-09-02 00:00:00</subfield>
    <subfield code="t">2</subfield>
    <subfield code="w">2014-09-02</subfield>
    <subfield code="y">BK</subfield>
  </datafield>
  <datafield tag="952" ind1=" " ind2=" ">
    <subfield code="0">0</subfield>
    <subfield code="1">0</subfield>
    <subfield code="2">ddc</subfield>
    <subfield code="4">0</subfield>
    <subfield code="7">0</subfield>
    <subfield code="a">WIUC-1</subfield>
    <subfield code="b">WIUC-1</subfield>
    <subfield code="c">LL</subfield>
    <subfield code="d">2023-07-20</subfield>
    <subfield code="o">KRX19.A3.G342(1982-83 pt.1)</subfield>
    <subfield code="p">3196/336/23</subfield>
    <subfield code="r">2023-07-20 00:00:00</subfield>
    <subfield code="t">3</subfield>
    <subfield code="w">2023-07-20</subfield>
    <subfield code="y">BK</subfield>
  </datafield>
  <datafield tag="952" ind1=" " ind2=" ">
    <subfield code="0">0</subfield>
    <subfield code="1">0</subfield>
    <subfield code="2">lcc</subfield>
    <subfield code="4">0</subfield>
    <subfield code="7">0</subfield>
    <subfield code="a">WIUC-1</subfield>
    <subfield code="b">WIUC-1</subfield>
    <subfield code="c">LL</subfield>
    <subfield code="d">2023-09-18</subfield>
    <subfield code="l">0</subfield>
    <subfield code="o">KRX19.A3 G343(1982-83 pt.1)</subfield>
    <subfield code="p">3125/433/23</subfield>
    <subfield code="r">2023-09-18 00:00:00</subfield>
    <subfield code="t">4</subfield>
    <subfield code="w">2023-09-18</subfield>
    <subfield code="y">BK</subfield>
  </datafield>
</record>
